| 000 | 00721nam a22002297a 4500 | ||
|---|---|---|---|
| 999 |
_c3353 _d3353 |
||
| 003 | AR-CdUCM | ||
| 008 | 190306b ||||| |||| 00| 0 spa d | ||
| 040 |
_aMUNICIPALIDAD PROVINCIAL DEL CUSCO _cBIBLIOTECA MUNICIPAL DEL CUSCO |
||
| 082 |
_23ed. _a800 / _bC68 |
||
| 245 |
_aTragedias : _bShakespeare / |
||
| 260 |
_aBuenos Aires : _bW. M. Jackson, INC. ; _c1956. |
||
| 300 |
_a452 páginas ; _c21cm |
||
| 440 |
_aClásicos Jackson _n2 _910906 |
||
| 505 | _aContenido: Literatura | ||
| 650 |
_aLiteratura universal _9611 |
||
| 650 |
_aShakespeare _911110 |
||
| 700 |
_aPagés Larraya, Antonio _911111 |
||
| 700 |
_aReyes, Alfonso _92307 |
||
| 700 |
_aRomero, Francisco _910711 |
||
| 942 |
_2ddc _cLIBROS |
||
| 945 | _anom | ||